000 00735nam a22002057a 4500
001 BD-DhSAU 2327
003 BD-DhSAU
005 20150127145744.0
008 150127b1986 ii a||||r|||| 000 0 ben d
040 _aBD-DhSAU
082 _222
_a১৫০
_bজগম
100 _aসান্যাল, জগদীশ্বর.
245 _aমনোবিদ্যা /
_cজগদীশ্বর সান্যাল.
260 _aকলিকাতা :
_bশ্রীদুর্গাদাস পাণ্ডা ,
_c১৯৮৬.
300 _aviii, ২৯৩ পৃ. :
_bচিত্র ;
_c২১ সেমি।
590 _ajoy
650 _aHorticulture.
650 _aমনোবিদ্যা।
650 _aPsychology.
942 _2ddc
_cBOOK
999 _c2327
_d2327